[Event "Verbandsliga Nordbaden 1415"]
[Site "Baden"]
[Date "2014.11.23"]
[Round "3.2"]
[White "Reinhardt, Bernd"]
[Black "Striebich, Rudolf"]
[Result "1-0"]
[WhiteElo "2225"]
[BlackElo "2183"]
[PlyCount "81"]
[EventDate "2014.10.12"]
[EventType "team-tourn"]
[EventRounds "9"]
[EventCountry "GER"]
[SourceTitle "EXT 2022"]
[Source "ChessBase"]
[SourceDate "2021.10.06"]
[SourceVersion "1"]
[SourceVersionDate "2021.10.06"]
[SourceQuality "1"]
[WhiteTeam "Buchen II"]
[BlackTeam "Eppingen III"]
[WhiteTeamCountry "GER"]
[BlackTeamCountry "GER"]

1. d4 Nf6 2. Nf3 g6 3. Bf4 Bg7 4. e3 d6 5. h3 0-0 6. Nbd2 Nbd7 7. Bc4 c5 8. 0-0 a6 9. a4 b6 10. c3 Bb7 11. Qe2 Qc7 12. Bh2 e5 13. dxe5 dxe5 14. Rfd1 Ne8 15. Nf1 Nd6 16. Bd5 Rfd8 17. Bxb7 Nxb7 18. e4 c4 19. Ne3 Na5 20. Nd5 Qc5 21. Nb4 Nb3 22. Rab1 f6 23. Rd5 Qc7 24. Nd4 Nxd4 25. cxd4 a5 26. Nc2 Qc6 27. Rb5 Rac8 28. d5 Qa8 29. Ne3 c3 30. Nc4 cxb2 31. R5xb2 Qa6 32. Rb5 Bf8 33. f4 Bc5+ 34. Kh1 Bd4 35. fxe5 fxe5 36. Nd6 Rc7 37. Qg4 Nf8 38. Nf5 Bc3 39. Qg5 Rdd7 40. Nh6+ Kg7 41. Ng4 1-0

[Event "Baden-ch Seniors"]
[Site "Waldshut Tiengen"]
[Date "2014.06.20"]
[Round "8"]
[White "Striebich, Rudolf"]
[Black "Villing, Dieter"]
[Result "1-0"]
[WhiteElo "2183"]
[BlackElo "2077"]
[PlyCount "70"]
[EventDate "2014.06.14"]
[EventType "swiss"]
[EventRounds "9"]
[EventCountry "GER"]
[SourceTitle "EXT 2015"]
[Source "ChessBase"]
[SourceDate "2014.11.20"]
[SourceVersion "1"]
[SourceVersionDate "2014.11.20"]
[SourceQuality "1"]

1. e4 c5 2. Nf3 Nc6 3. d4 cxd4 4. Nxd4 Nf6 5. Nc3 e6 6. a3 Bc5 7. Nb3 Bb6 8. Bg5 h6 9. Bh4 g5 10. Bg3 d5 11. exd5 exd5 12. Qd3 Qe7+ 13. Be2 Ne5 14. Bxe5 Qxe5 15. 0-0-0 0-0 16. Kb1 Bf5 17. Qb5 Rac8 18. Bd3 Bxd3 19. Qxd3 Ne4 20. Nxe4 dxe4 21. Qe2 Rfd8 22. h4 Rxd1+ 23. Rxd1 Rd8 24. Rh1 Re8 25. hxg5 hxg5 26. Nd2 Qf5 27. Nc4 Qxf2 28. Qh5 Qf6 29. Nd6 Re6 30. Nxe4 Qg7 31. Ng3 Re5 32. Qg4 Re6 33. Nf5 Qg6 34. Qh3 Bd4 35. Nxd4 Qg7 1-0

[Event "EU-chT Seniors 15th"]
[Site "Dresden"]
[Date "2013.07.27"]
[Round "8"]
[White "Striebich, Rudolf"]
[Black "Grevlund, Per"]
[Result "1/2-1/2"]
[WhiteElo "2190"]
[BlackElo "1952"]
[PlyCount "62"]
[EventDate "2013.07.20"]
[EventType "team-swiss"]
[EventRounds "9"]
[EventCountry "GER"]
[SourceTitle "CBM 155 Extra"]
[Source "ChessBase"]
[SourceDate "2013.08.26"]
[SourceVersion "1"]
[SourceVersionDate "2013.08.26"]
[SourceQuality "1"]
[WhiteTeam "Eppingen"]
[BlackTeam "Norresundby"]
[WhiteTeamCountry "GER"]
[BlackTeamCountry "DEN"]

1. g3 d5 2. Nf3 Nf6 3. Bg2 e6 4. 0-0 Nbd7 5. d3 Be7 6. Nbd2 0-0 7. c4 c6 8. b3 b6 9. Bb2 Qc7 10. Rc1 Bb7 11. Qc2 Rfe8 12. a3 Rac8 13. b4 Qb8 14. Qb1 e5 15. e4 d4 16. Bh3 Bd6 17. Nh4 Rcd8 18. Qc2 c5 19. b5 Nf8 20. Qd1 Bc8 21. Bg2 Ng6 22. Nf5 Ne7 23. Nxd6 Qxd6 24. h3 Ng6 25. Nf3 Bd7 26. Ra1 Ra8 27. a4 a6 28. Qb3 a5 29. Bc1 Ra7 30. Bg5 Bc8 31. Bxf6 Qxf6 1/2-1/2

[Event "EU-chT Seniors 15th"]
[Site "Dresden"]
[Date "2013.07.22"]
[Round "3"]
[White "Sorensen, Bent"]
[Black "Striebich, Rudolf"]
[Result "0-1"]
[WhiteElo "2256"]
[BlackElo "2190"]
[PlyCount "90"]
[EventDate "2013.07.20"]
[EventType "team-swiss"]
[EventRounds "9"]
[EventCountry "GER"]
[SourceTitle "CBM 155 Extra"]
[Source "ChessBase"]
[SourceDate "2013.08.26"]
[SourceVersion "1"]
[SourceVersionDate "2013.08.26"]
[SourceQuality "1"]
[WhiteTeam "Denmark"]
[BlackTeam "Eppingen"]
[WhiteTeamCountry "DEN"]
[BlackTeamCountry "GER"]

1. Nf3 Nf6 2. g3 d5 3. Bg2 Bf5 4. d3 h6 5. Nbd2 Nbd7 6. 0-0 e6 7. b3 Be7 8. Bb2 0-0 9. Nd4 Bh7 10. e4 dxe4 11. dxe4 c6 12. Qe2 Qc7 13. Rfe1 e5 14. Nf5 Bc5 15. Rad1 Rfe8 16. Bh3 b5 17. a3 Bf8 18. Qf3 g6 19. Ne3 Bg7 20. c4 Nc5 21. Bf1 a6 22. b4 Ne6 23. Nc2 Rad8 24. Qc3 Nd4 25. cxb5 axb5 26. Nxd4 exd4 27. Qc2 Qb6 28. Nb3 Ng4 29. Nc5 g5 30. Kh1 Ne5 31. Qb3 Nd7 32. Qc2 Nxc5 33. bxc5 Qa7 34. Bg2 Qc7 35. Qb3 Be5 36. Rd3 Qe7 37. Qb4 Qf6 38. Rf1 g4 39. f4 gxf3 40. Rdxf3 Qe6 41. Rd3 Qc4 42. Rfd1 Bg7 43. Bxd4 Rxe4 44. Bxg7 Rxd3 45. Qxc4 Rxd1+ 0-1

[Event "Baden-ch Seniors"]
[Site "Birkenfeld"]
[Date "2013.06.02"]
[Round "9"]
[White "Striebich, Rudolf"]
[Black "Schrems, Hermann"]
[Result "1/2-1/2"]
[WhiteElo "2188"]
[BlackElo "2132"]
[PlyCount "50"]
[EventDate "2013.05.25"]
[EventType "swiss"]
[EventRounds "9"]
[EventCountry "GER"]
[SourceTitle "EXT 2014"]
[Source "ChessBase"]
[SourceDate "2013.11.20"]
[SourceVersion "1"]
[SourceVersionDate "2013.11.20"]
[SourceQuality "1"]

1. g3 g6 2. Bg2 Bg7 3. Nf3 c5 4. 0-0 Nc6 5. d3 d5 6. Nbd2 Nf6 7. e4 0-0 8. c3 e5 9. Re1 dxe4 10. dxe4 Qc7 11. Qc2 Bg4 12. h3 Bd7 13. Nf1 h6 14. Be3 b6 15. N3d2 Rad8 16. g4 Ne8 17. Ng3 Be6 18. b3 Qe7 19. Rad1 Nc7 20. Ndf1 Bc8 21. Ne2 Ne6 22. Nfg3 Rxd1 23. Rxd1 Rd8 24. Rd5 Nc7 25. Rd2 Kh7 1/2-1/2

[Event "GER-chT Seniors 21st"]
[Site "Berlin"]
[Date "2012.09.16"]
[Round "7.20"]
[White "Thormann, Wolfgang"]
[Black "Striebich, Rudolf"]
[Result "1-0"]
[WhiteElo "2200"]
[BlackElo "1991"]
[PlyCount "49"]
[EventDate "2012.09.10"]
[EventType "team-swiss"]
[EventRounds "7"]
[EventCountry "GER"]
[SourceTitle "CBM 150 Extra"]
[Source "ChessBase"]
[SourceDate "2012.10.19"]
[SourceVersion "1"]
[SourceVersionDate "2012.10.19"]
[SourceQuality "1"]
[WhiteTeam "Berlin Seniors"]
[BlackTeam "Baden Seniors II"]
[WhiteTeamCountry "GER"]
[BlackTeamCountry "GER"]

1. d4 Nf6 2. Nf3 g6 3. Bg5 Bg7 4. c3 d6 5. Nbd2 Nbd7 6. e3 h6 7. Bh4 g5 8. Bg3 Nh5 9. Bc4 Nxg3 10. fxg3 Nf6 11. 0-0 0-0 12. Bb3 c6 13. Qe2 Qc7 14. Qd3 e5 15. dxe5 dxe5 16. Nxg5 hxg5 17. Rxf6 e4 18. Nxe4 Bxf6 19. Nxf6+ Kg7 20. Rf1 Rh8 21. Qd4 Kh6 22. Nd5 Qd8 23. Rf6+ Kh7 24. Rxf7+ Kh6 25. Qg7+ 1-0

[Event "GER-chT Seniors 21st"]
[Site "Berlin"]
[Date "2012.09.14"]
[Round "5.20"]
[White "Seeck, Klaus"]
[Black "Striebich, Rudolf"]
[Result "1/2-1/2"]
[WhiteElo "1870"]
[BlackElo "1991"]
[PlyCount "55"]
[EventDate "2012.09.10"]
[EventType "team-swiss"]
[EventRounds "7"]
[EventCountry "GER"]
[SourceTitle "CBM 150 Extra"]
[Source "ChessBase"]
[SourceDate "2012.10.19"]
[SourceVersion "1"]
[SourceVersionDate "2012.10.19"]
[SourceQuality "1"]
[WhiteTeam "Schleswig Holstein Seniors"]
[BlackTeam "Baden Seniors II"]
[WhiteTeamCountry "GER"]
[BlackTeamCountry "GER"]

1. d4 Nf6 2. c4 g6 3. Nc3 Bg7 4. e4 d6 5. f4 0-0 6. Nf3 c5 7. d5 e6 8. Be2 exd5 9. exd5 Re8 10. 0-0 Nh5 11. Bd3 f5 12. Qc2 Nd7 13. Bd2 Ndf6 14. Rae1 Bd7 15. Rxe8+ Nxe8 16. Re1 Nc7 17. Nd1 Qf8 18. g3 Re8 19. Rxe8 Qxe8 20. Bc3 Nf6 21. Qe2 b5 22. b3 b4 23. Bb2 Qxe2 24. Bxe2 Ne4 25. Bxg7 Kxg7 26. Bd3 Nf6 27. Kf2 Ng4+ 28. Ke2 1/2-1/2

[Event "Baden-ch Seniors"]
[Site "Emmendingen"]
[Date "2012.06.05"]
[Round "4"]
[White "Woisetschlaeger, Adolf"]
[Black "Striebich, Rudolf"]
[Result "0-1"]
[WhiteElo "1942"]
[BlackElo "2194"]
[PlyCount "56"]
[EventDate "2012.06.02"]
[EventType "swiss"]
[EventRounds "9"]
[EventCountry "GER"]
[SourceTitle "CBM 148 Extra"]
[Source "ChessBase"]
[SourceDate "2012.06.22"]
[SourceVersion "1"]
[SourceVersionDate "2012.06.22"]
[SourceQuality "1"]

1. c4 Nf6 2. g3 e6 3. Bg2 d5 4. cxd5 exd5 5. Nf3 Be7 6. 0-0 0-0 7. d3 c5 8. Bd2 Nc6 9. Re1 Bf5 10. a3 Qd7 11. Nc3 d4 12. Na2 b5 13. Rc1 Rac8 14. b3 h6 15. Nh4 Be6 16. Ra1 Nd5 17. Nf3 Rfe8 18. e4 dxe3 19. fxe3 Red8 20. Bf1 a6 21. e4 Nf6 22. Bc3 Nd4 23. Nxd4 cxd4 24. Bb4 Ng4 25. Bxe7 Qxe7 26. Nb4 Ne3 27. Rxe3 dxe3 28. Nxa6 Qa7 0-1

[Event "GER-chT Seniors 20th"]
[Site "Gladenbach"]
[Date "2011.09.12"]
[Round "2.2"]
[White "Jabbusch, Burkhard"]
[Black "Striebich, Rudolf"]
[Result "1/2-1/2"]
[WhiteElo "1860"]
[BlackElo "2048"]
[PlyCount "106"]
[EventDate "2011.09.11"]
[EventType "team-swiss"]
[EventRounds "7"]
[EventCountry "GER"]
[SourceTitle "CBM 144 Extra"]
[Source "ChessBase"]
[SourceDate "2011.10.28"]
[SourceVersion "1"]
[SourceVersionDate "2011.10.28"]
[SourceQuality "1"]
[WhiteTeam "Mecklenburg Vorpommern"]
[BlackTeam "Baden II"]
[WhiteTeamCountry "GER"]
[BlackTeamCountry "GER"]

1. f4 d5 2. Nf3 Nf6 3. d4 e6 4. e3 c5 5. c3 a6 6. Bd3 Nbd7 7. Nbd2 b5 8. 0-0 Bb7 9. h3 g6 10. Ne5 Bg7 11. Qf3 0-0 12. g4 Nxe5 13. dxe5 Nd7 14. g5 Qb6 15. Qf2 Rfd8 16. Nf3 a5 17. Bd2 b4 18. Rab1 Ba6 19. Bxa6 Qxa6 20. Kg2 Rab8 21. h4 Qd3 22. h5 Nb6 23. cxb4 axb4 24. Rbd1 Qe4 25. hxg6 hxg6 26. Kg3 Ra8 27. Ra1 Na4 28. b3 Nc3 29. Bxc3 bxc3 30. Rfe1 Qb4 31. Rac1 c4 32. Nd4 Rdc8 33. Rc2 cxb3 34. axb3 Rc5 35. Rec1 Rac8 36. Ra1 Qb7 37. Qe1 Bf8 38. Kf3 R5c7 39. Rb1 Bb4 40. Qh4 Bf8 41. b4 Rc4 42. b5 Qb6 43. Rh1 Bg7 44. Ra1 Rxd4 45. exd4 Qxd4 46. Qf2 Qd3+ 47. Kg2 Qxb5 48. Rd1 Rc4 49. Qf3 Bf8 50. Kg3 Qc5 51. Rh1 Qd4 52. Rd1 Qc5 53. Qd3 Qc8 1/2-1/2

[Event "GER-chT Seniors 20th"]
[Site "Gladenbach"]
[Date "2011.09.11"]
[Round "1.2"]
[White "Striebich, Rudolf"]
[Black "Rotstein, Jefim"]
[Result "1/2-1/2"]
[WhiteElo "2048"]
[BlackElo "2279"]
[PlyCount "57"]
[EventDate "2011.09.11"]
[EventType "team-swiss"]
[EventRounds "7"]
[EventCountry "GER"]
[SourceTitle "CBM 144 Extra"]
[Source "ChessBase"]
[SourceDate "2011.10.28"]
[SourceVersion "1"]
[SourceVersionDate "2011.10.28"]
[SourceQuality "1"]
[WhiteTeam "Baden II"]
[BlackTeam "NRW"]
[WhiteTeamCountry "GER"]
[BlackTeamCountry "GER"]

1. e4 c5 2. Nf3 d6 3. d4 cxd4 4. Nxd4 Nf6 5. Nc3 a6 6. Bg5 Nc6 7. Nb3 e6 8. Qd2 h6 9. Bf4 g5 10. Be3 Ng4 11. 0-0-0 Nxe3 12. Qxe3 Bd7 13. Kb1 Rc8 14. h4 gxh4 15. f4 Rg8 16. Qf2 Be7 17. Be2 Qc7 18. Bh5 b5 19. f5 Ne5 20. fxe6 Bxe6 21. Nd5 Bxd5 22. Rxd5 Bg5 23. Nd4 Nd3 24. Qf5 Rg7 25. Rf1 Nb4 26. Rxd6 Qxd6 27. Qxc8+ Qd8 28. Qe6+ Qe7 29. Qc8+ 1/2-1/2

[Event "GER-chT Seniors 19th"]
[Site "Eckernfoerde"]
[Date "2010.09.18"]
[Round "6.1"]
[White "Salov, Sergej"]
[Black "Striebich, Rudolf"]
[Result "1/2-1/2"]
[WhiteElo "2226"]
[BlackElo "2083"]
[PlyCount "32"]
[EventDate "2010.09.13"]
[EventType "team-swiss"]
[EventRounds "7"]
[EventCountry "GER"]
[SourceTitle "EXT 2011"]
[Source "ChessBase"]
[SourceDate "2010.11.26"]
[SourceVersion "1"]
[SourceVersionDate "2010.11.26"]
[SourceQuality "1"]
[WhiteTeam "Schleswig Holstein"]
[BlackTeam "Baden II"]
[WhiteTeamCountry "GER"]
[BlackTeamCountry "GER"]

1. e4 c5 2. Nf3 d6 3. d4 cxd4 4. Nxd4 Nf6 5. Nc3 a6 6. Bg5 e6 7. f4 Nbd7 8. Qf3 Be7 9. 0-0-0 Qa5 10. a4 h6 11. Bxf6 Bxf6 12. h4 Qc5 13. Nde2 Rb8 14. e5 dxe5 15. Ne4 Qc7 16. f5 exf5 1/2-1/2

[Event "GER-chT Seniors 19th"]
[Site "Eckernfoerde"]
[Date "2010.09.16"]
[Round "4.1"]
[White "Donchenko, Anatoly G"]
[Black "Striebich, Rudolf"]
[Result "1-0"]
[WhiteElo "2346"]
[BlackElo "2083"]
[PlyCount "118"]
[EventDate "2010.09.13"]
[EventType "team-swiss"]
[EventRounds "7"]
[EventCountry "GER"]
[SourceTitle "EXT 2011"]
[Source "ChessBase"]
[SourceDate "2010.11.26"]
[SourceVersion "1"]
[SourceVersionDate "2010.11.26"]
[SourceQuality "1"]
[WhiteTeam "Hessen"]
[BlackTeam "Baden II"]
[WhiteTeamCountry "GER"]
[BlackTeamCountry "GER"]

1. d4 Nf6 2. Nf3 g6 3. g3 Bg7 4. Bg2 0-0 5. c4 c5 6. 0-0 cxd4 7. Nxd4 Nc6 8. Nc3 Nxd4 9. Qxd4 d6 10. Qd3 Nd7 11. b3 Nc5 12. Qd2 Bd7 13. Bb2 Bc6 14. e4 Re8 15. Rfe1 Qa5 16. Rad1 Rad8 17. Qc1 e6 18. Qc2 a6 19. a3 Qc7 20. h3 b6 21. Bc1 Rc8 22. a4 Qb8 23. Bf4 e5 24. Be3 Ne6 25. Qb2 Nd4 26. Ne2 Ne6 27. Rd2 h6 28. Red1 Red8 29. h4 Qc7 30. Qa3 Bf8 31. Qb2 Rb8 32. Nc3 Bg7 33. Nd5 Bxd5 34. Rxd5 Nd4 35. Bf1 Kh7 36. h5 Nc6 37. Qd2 Bf8 38. Qe2 a5 39. Bh3 Ne7 40. R5d3 Ng8 41. Kg2 Qe7 42. Rh1 g5 43. Bf5+ Kg7 44. f4 exf4 45. gxf4 f6 46. Bd4 Kf7 47. Bg6+ Kg7 48. Qg4 Kh8 49. fxg5 Bg7 50. gxh6 Nxh6 51. Qf4 d5 52. exd5 Qe2+ 53. Qf2 Qe7 54. Re1 Qf8 55. Qf4 Kg8 56. Re6 Re8 57. Rde3 Rxe6 58. Rxe6 Rc8 59. Qd6 f5 1-0

[Event "Baden-ch Seniors"]
[Site "Haslach im Kinzigtal"]
[Date "2010.05.29"]
[Round "1"]
[White "Striebich, Rudolf"]
[Black "Mayer, Franz"]
[Result "1/2-1/2"]
[WhiteElo "2188"]
[BlackElo "1927"]
[PlyCount "33"]
[EventDate "2010.05.29"]
[EventType "swiss"]
[EventRounds "9"]
[EventCountry "GER"]
[SourceTitle "EXT 2011"]
[Source "ChessBase"]
[SourceDate "2010.11.26"]
[SourceVersion "1"]
[SourceVersionDate "2010.11.26"]
[SourceQuality "1"]

1. g3 e5 2. Bg2 d5 3. d3 c6 4. Nf3 Bd6 5. 0-0 Nf6 6. c4 0-0 7. a3 a5 8. b3 Qe7 9. Qc2 e4 10. Ne1 Re8 11. Nc3 Bf5 12. Bg5 h6 13. Bxf6 Qxf6 14. Ra2 dxc4 15. bxc4 exd3 16. exd3 Nd7 17. Ne4 1/2-1/2

[Event "GER-ch Seniors 21st"]
[Site "Dresden"]
[Date "2009.08.07"]
[Round "5"]
[White "Striebich, Rudolf"]
[Black "Rychlig, Kurt"]
[Result "1-0"]
[WhiteElo "2190"]
[BlackElo "1925"]
[PlyCount "88"]
[EventDate "2009.08.03"]
[EventType "swiss"]
[EventRounds "9"]
[EventCountry "GER"]
[SourceTitle "CBM 131 Extra"]
[Source "ChessBase"]
[SourceDate "2009.09.03"]
[SourceVersion "2"]
[SourceVersionDate "2009.09.16"]
[SourceQuality "1"]

1. e4 g6 2. d4 Bg7 3. Nc3 c6 4. Be2 d6 5. Nf3 Nd7 6. Be3 Ngf6 7. h3 0-0 8. Qd2 Re8 9. Rd1 Qa5 10. 0-0 a6 11. Rfe1 b5 12. a3 Qc7 13. Bh6 Bh8 14. e5 Nh5 15. Ng5 dxe5 16. Bxh5 f6 17. Bg4 Nf8 18. Bxc8 Qxc8 19. Bxf8 Rxf8 20. Nf3 Rd8 21. Qe3 exd4 22. Rxd4 e5 23. Rxd8+ Qxd8 24. Qc5 Qe8 25. Rd1 Bg7 26. Qd6 e4 27. Nh2 f5 28. Qd7 c5 29. Qxe8+ Rxe8 30. Rd7 e3 31. fxe3 Rxe3 32. Nf1 Re1 33. Kf2 Rc1 34. Rd2 Bd4+ 35. Ke2 f4 36. Nd1 g5 37. c3 Bg1 38. Kf3 Kg7 39. g3 fxg3 40. Nxg3 a5 41. Ne2 Rxd1 42. Rxd1 Bh2 43. Ng3 b4 44. cxb4 axb4 1-0

[Event "GER-ch Seniors 21st"]
[Site "Dresden"]
[Date "2009.08.04"]
[Round "2"]
[White "Lomer, Edmund"]
[Black "Striebich, Rudolf"]
[Result "0-1"]
[WhiteElo "2100"]
[BlackElo "2190"]
[PlyCount "80"]
[EventDate "2009.08.03"]
[EventType "swiss"]
[EventRounds "9"]
[EventCountry "GER"]
[SourceTitle "CBM 131 Extra"]
[Source "ChessBase"]
[SourceDate "2009.09.03"]
[SourceVersion "2"]
[SourceVersionDate "2009.09.16"]
[SourceQuality "1"]

1. Nf3 Nf6 2. g3 d5 3. Bg2 c6 4. d4 Bg4 5. Nbd2 Nbd7 6. 0-0 h6 7. c4 e6 8. cxd5 cxd5 9. Ne5 Nxe5 10. dxe5 Nd7 11. h3 Bh5 12. g4 Bg6 13. Qa4 Be7 14. e4 0-0 15. exd5 exd5 16. Nf3 Nc5 17. Qd1 Nd3 18. Ne1 Nxc1 19. Rxc1 Qb6 20. Qxd5 Bg5 21. Rc5 Rad8 22. Qc4 a6 23. Rc7 Qxb2 24. Rxb7 Qxe5 25. Qxa6 Bd2 26. Nf3 Qf4 27. Qe2 Ba5 28. Qe5 Bd2 29. Re7 Qb4 30. Nxd2 Rxd2 31. Bd5 Rd4 32. Re1 Rf4 33. Re8 Rxe8 34. Qxe8+ Kh7 35. Qe3 Rd4 36. Bf3 Rd3 37. Qe7 Qxe7 38. Rxe7 Rxf3 39. Re3 Rxe3 40. fxe3 Be4 0-1

[Event "Baden-ch Seniors"]
[Site "Badenweiler"]
[Date "2009.06.06"]
[Round "7"]
[White "Kaufmann, Helmut"]
[Black "Striebich, Rudolf"]
[Result "0-1"]
[WhiteElo "2093"]
[BlackElo "2206"]
[PlyCount "94"]
[EventDate "2009.06.01"]
[EventType "swiss"]
[EventRounds "9"]
[EventCountry "GER"]
[SourceTitle "EXT 2010"]
[Source "ChessBase"]
[SourceDate "2010.11.25"]
[SourceVersion "1"]
[SourceVersionDate "2010.11.25"]
[SourceQuality "1"]

1. d4 Nf6 2. Nd2 d5 3. g3 c5 4. e3 Nc6 5. c3 e5 6. dxe5 Nxe5 7. Ngf3 Nc6 8. Bg2 Be7 9. 0-0 h6 10. b3 Bg4 11. Qc2 0-0 12. Bb2 Bh5 13. Rfe1 Bg6 14. Qd1 Re8 15. a3 Qc7 16. Rc1 Rad8 17. Qe2 Bf8 18. Red1 a6 19. Qf1 b5 20. Ne1 c4 21. b4 Ne5 22. Ndf3 Bd3 23. Nxd3 Nxd3 24. Rc2 g6 25. Ba1 Bg7 26. Ne1 Ne5 27. Rcd2 Ne4 28. Rxd5 Rxd5 29. Rxd5 Nf6 30. Rd1 Rd8 31. Nf3 Nd3 32. Ne1 Ne5 33. Nc2 Nd3 34. Qe2 h5 35. Nd4 Ng4 36. Rf1 Bh6 37. Be4 Ndxf2 38. Bf3 Re8 39. Nc2 Nh3+ 40. Kg2 Nxe3+ 41. Nxe3 Rxe3 42. Qc2 Qd7 43. Qd1 Rd3 44. Qe1 Rd2+ 45. Kh1 Ng5 46. Bg2 Rxg2 47. Kxg2 Qd5+ 0-1